000
00294nam a22001337a 4500
008
170715b xxu||||| |||| 00| 0 eng d
020
_a
9780802824004
041
_a
eng
080
_a
2
100
_a
24
101
_a
TEO
245
_a
DICTIONARY OF THE BIBLE
_c
FREEDMAN, D.N
942
_2
udc
_c
BK
999
_c
21204
_d
21204